MARC

Tag First Indicator Second Indicator Subfields
LEADER 00000cam a2200000 a 4500
001 in00000786366
005 20151017054906.0
008 810604s1979 nyua b s00000 eng d
035 |a (OCoLC)07476834 
035 |9 ADL9809AM 
040 |a OLA  |c OLA  |d CLA  |d m/c  |d TXA  |d UtOrBLW 
043 |a n-us-ny 
049 1 |a TXA2 
090 |a GC57.2.N5  |b S729 no. 26 
245 0 0 |a Thermal resistance characteristics of early life history stages of finfish from Long Island waters /  |c C.F. Smith [and others]. 
264 1 |a Stony Brook, N.Y. :  |b Marine Sciences Research Center, State University of New York,  |c 1979. 
300 |a v, 64 pages :  |b illustrations ;  |c 28 cm. 
336 |a text  |b txt  |2 rdacontent 
337 |a unmediated  |b n  |2 rdamedia 
338 |a volume  |b nc  |2 rdacarrier 
490 1 |a Reference (State University of New York at Stony Brook. Marine Sciences Research Center) ;  |v no. 79-9 
490 1 |a Special report (State University of New York at Stony Brook. Marine Sciences Research Center) ;  |v no. 26 
500 |a Supported by the New York State Energy Research and Development Authority and the Long Island Lighting Company. 
500 |a "July 1979." 
504 |a Bibliography: page 64. 
650 0 |a Fishes  |x Effect of temperature on. 
650 0 |a Fishes  |z New York (State)  |z Long Island. 
650 0 |a Fishes  |x Eggs. 
650 0 |a Fishes  |x Larvae. 
700 1 |a Smith, C. F. 
710 2 |a State University of New York at Stony Brook.  |b Marine Sciences Research Center. 
830 0 |a Reference (State University of New York at Stony Brook. Marine Sciences Research Center) ;  |v no. 79-9. 
830 0 |a Special report (State University of New York at Stony Brook. Marine Sciences Research Center) ;  |v no. 26. 
999 |a MARS 
999 f f |s 77a5b09a-a9bd-3f14-8543-32b4bc51c729  |i 99154066-43b4-3417-a2a4-6c4324df54ed  |t 0 
952 f f |p ric  |a Texas A&M University  |b Rellis Campus  |c Joint Library Facility  |d Remote Storage  |t 0  |e GC57.2.N5 S729 no. 26  |h Library of Congress classification  |i unmediated -- volume  |m A14810807061 
998 f f |a GC57.2.N5 S729 no. 26  |t 0  |l Remote Storage